<?xml version="1.0" encoding="UTF-8"?>
<record
    xmlns:xsi="http://www.w3.org/2001/XMLSchema-instance"
    xsi:schemaLocation="http://www.loc.gov/MARC21/slim http://www.loc.gov/standards/marcxml/schema/MARC21slim.xsd"
    xmlns="http://www.loc.gov/MARC21/slim">

  <leader>02164nam a2200337   4500</leader>
  <controlfield tag="001">113465</controlfield>
  <controlfield tag="003">DR-UNIBE</controlfield>
  <controlfield tag="005">20250428133212.0</controlfield>
  <controlfield tag="008">250422b2024    dr ||||| |||| 00| 0 spa d</controlfield>
  <datafield tag="020" ind1=" " ind2=" ">
    <subfield code="a"> 9789945251128</subfield>
  </datafield>
  <datafield tag="040" ind1=" " ind2=" ">
    <subfield code="a">BIBLIOTECA UNIBE</subfield>
    <subfield code="b">spa</subfield>
    <subfield code="c">BIBLIOTECA UNIBE</subfield>
    <subfield code="e">rda</subfield>
  </datafield>
  <datafield tag="041" ind1=" " ind2=" ">
    <subfield code="a">spa</subfield>
  </datafield>
  <datafield tag="082" ind1=" " ind2=" ">
    <subfield code="2">22</subfield>
    <subfield code="a">RD 972.9302 B972c 2024</subfield>
  </datafield>
  <datafield tag="100" ind1="1" ind2="0">
    <subfield code="a">Burset Flores, Luis Rafael,</subfield>
    <subfield code="d">1959-</subfield>
    <subfield code="e">autor</subfield>
    <subfield code="9">144551</subfield>
  </datafield>
  <datafield tag="245" ind1="1" ind2="0">
    <subfield code="a">Conflictos en las instituciones de poder colonial en el Caribe a trav&#xE9;s de la correspondencia del licenciado Francisco Manso de Contreras : 1590-1619 / </subfield>
    <subfield code="c">Luis Rafael Burset Flores ;cuidado de edici&#xF3;n : &#xC1;rea de Publicaciones AGN ; diagramaci&#xF3;n ; Rafael Rolando Delmonte Soriano ; dise&#xF1;o de cubierta : Juan Francisco Dom&#xED;nguez Novas</subfield>
  </datafield>
  <datafield tag="250" ind1=" " ind2=" ">
    <subfield code="a">Primera edici&#xF3;n</subfield>
  </datafield>
  <datafield tag="260" ind1=" " ind2=" ">
    <subfield code="a">Santo Domingo :</subfield>
    <subfield code="b"> Archivo General de la Naci&#xF3;n (AGN) : </subfield>
    <subfield code="b">Academia Dominicana de la Historia, </subfield>
    <subfield code="c">2024</subfield>
  </datafield>
  <datafield tag="300" ind1=" " ind2=" ">
    <subfield code="a">571 p&#xE1;ginas : </subfield>
    <subfield code="b">tablas, mapas, figuras ;</subfield>
    <subfield code="c">24 x 17 cm</subfield>
  </datafield>
  <datafield tag="490" ind1=" " ind2=" ">
    <subfield code="a">Archivo General de la Naci&#xF3;n ;</subfield>
    <subfield code="v">518</subfield>
  </datafield>
  <datafield tag="490" ind1=" " ind2=" ">
    <subfield code="a">Academia Dominicana de la Historia ;</subfield>
    <subfield code="v">169</subfield>
  </datafield>
  <datafield tag="500" ind1=" " ind2=" ">
    <subfield code="a">Informacion del autor y de Francisco Manso de Contreras en las solapas</subfield>
  </datafield>
  <datafield tag="505" ind1=" " ind2=" ">
    <subfield code="a">Prefacio |
Presentaci&#xF3;n del licenciado Francisco Manso de Contreras |
Las instituciones gubernativas en las Indias |
Los conceptos de servicio y paz |
Las cartas |
Breve an&#xE1;lisis de las cartas del licenciado Mando de Contreras |
Transcripci&#xF3;n de cartas, mercedes y documentos |
Tablas |
 Mapas |
Figuras |
Bibliograf&#xED;a |
&#xCD;ndice onom&#xE1;stico</subfield>
  </datafield>
  <datafield tag="600" ind1=" " ind2="7">
    <subfield code="a"> Manso de Contreras, Francisco,</subfield>
    <subfield code="d">1555-1619</subfield>
    <subfield code="9">194436</subfield>
    <subfield code="x">Correspondencia</subfield>
  </datafield>
  <datafield tag="650" ind1=" " ind2="7">
    <subfield code="2">lemb</subfield>
    <subfield code="a">Real Audiencia de Santo Domingo</subfield>
    <subfield code="x">Gobierno colonial espa&#xF1;ol</subfield>
    <subfield code="9">194615</subfield>
  </datafield>
  <datafield tag="650" ind1=" " ind2="7">
    <subfield code="2">lemb</subfield>
    <subfield code="a"> Real Audiencia de Panam&#xE1; </subfield>
    <subfield code="x">Gobierno colonial espa&#xF1;ol</subfield>
    <subfield code="9">194616</subfield>
  </datafield>
  <datafield tag="650" ind1=" " ind2="7">
    <subfield code="2">lemb</subfield>
    <subfield code="a"> Gobierno colonial espa&#xF1;ol </subfield>
    <subfield code="x">Historia</subfield>
    <subfield code="y">1590-1620</subfield>
    <subfield code="9">194617</subfield>
  </datafield>
  <datafield tag="700" ind1="1" ind2="0">
    <subfield code="a">Delmonte Soriano, Rafael Rolando</subfield>
    <subfield code="9">182119</subfield>
    <subfield code="e">diagramador</subfield>
  </datafield>
  <datafield tag="700" ind1="1" ind2="0">
    <subfield code="a">Dom&#xED;nguez Novas, Juan Francisco </subfield>
    <subfield code="9">127336</subfield>
    <subfield code="e">dise&#xF1;ador de cubierta</subfield>
  </datafield>
  <datafield tag="710" ind1="1" ind2="0">
    <subfield code="a">Archivo General de la Naci&#xF3;n (AGN)</subfield>
    <subfield code="b">&#xC1;rea de publicaciones</subfield>
    <subfield code="9">194325</subfield>
    <subfield code="e">cuidado de edici&#xF3;n</subfield>
  </datafield>
  <datafield tag="942" ind1=" " ind2=" ">
    <subfield code="2">ddc</subfield>
    <subfield code="c">BK</subfield>
  </datafield>
  <datafield tag="999" ind1=" " ind2=" ">
    <subfield code="c">113465</subfield>
    <subfield code="d">113465</subfield>
  </datafield>
  <datafield tag="952" ind1=" " ind2=" ">
    <subfield code="0">0</subfield>
    <subfield code="1">0</subfield>
    <subfield code="2">ddc</subfield>
    <subfield code="7">0</subfield>
    <subfield code="8">GEN-RD</subfield>
    <subfield code="a">Principal</subfield>
    <subfield code="d">2025-04-28</subfield>
    <subfield code="l">0</subfield>
    <subfield code="o">RD 972.9302 B972c 2024</subfield>
    <subfield code="p">250442</subfield>
    <subfield code="r">2025-04-22 08:37:07</subfield>
    <subfield code="t">Ej. 1</subfield>
    <subfield code="w">2025-04-22</subfield>
    <subfield code="y">BK</subfield>
  </datafield>
  <datafield tag="952" ind1=" " ind2=" ">
    <subfield code="0">0</subfield>
    <subfield code="1">0</subfield>
    <subfield code="2">ddc</subfield>
    <subfield code="7">0</subfield>
    <subfield code="8">GEN-RD</subfield>
    <subfield code="a">Principal</subfield>
    <subfield code="d">2025-04-28</subfield>
    <subfield code="l">0</subfield>
    <subfield code="o">RD 972.9302 B972c 2024</subfield>
    <subfield code="p">250443</subfield>
    <subfield code="r">2025-04-22 08:37:07</subfield>
    <subfield code="t">Ej. 2</subfield>
    <subfield code="w">2025-04-22</subfield>
    <subfield code="y">BK</subfield>
  </datafield>
</record>
